Une breve biograqphie Bediuzzaman Said Nursi : "prodige du siecle" (Record no. 36776)

MARC details
000 -LEADER
fixed length control field 00485nam a2200181Ia 4500
020 ## - INTERNATIONAL STANDARD BOOK NUMBER
ISBN 978-975-278-457-4
050 ## - CALL MARK
Classification number BP 253 .Z8 B33513/
100 ## - STATEMENT OF RESPONSIBILITY--MAIN AUTHOR NAME
Personal name Balcı, Ramazan, 1963-
245 #0 - TITLE STATEMENT
Title Une breve biograqphie Bediuzzaman Said Nursi : "prodige du siecle"
260 ## - PUBLICATION, DISTRIBUTION, ETC. (IMPRINT)
Place of publication Clifton, N.J.
260 ## - PUBLICATION, DISTRIBUTION, ETC. (IMPRINT)
Name of publisher Publie par Editions du Nil
260 ## - PUBLICATION, DISTRIBUTION, ETC. (IMPRINT)
Year of publication 2012
300 ## - PHYSICAL DESCRIPTION
Number of Pages 252 p
650 ## - SUBJECT ADDED ENTRY--TOPICAL TERM
Topical Term Islam
942 ## - ADDED ENTRY ELEMENTS (KOHA)
Koha item type Books
Holdings
Withdrawn status Lost status Source of classification or shelving scheme Damaged status Not for loan Permanent Location Current Location Date acquired Accession Number Price effective from Koha item type
    Library of Congress Classification     NILE UNIVERSITY OF NIGERIA - MAIN LIBRARY NILE UNIVERSITY OF NIGERIA - MAIN LIBRARY 04/23/2025 0002134 04/23/2025 Books